[Event "Interzonal-14a"]
[Site "Subotica"]
[Date "1987.??.??"]
[Round "12"]
[White "Rodriguez Cespedes, Amador"]
[Black "Popovic, Petar"]
[Result "1-0"]
[WhiteElo "2540"]
[BlackElo "2570"]
[Annotator "Rodriguez,Am"]
[PlyCount "69"]
[EventDate "1987.06.??"]
[EventType "tourn"]
[EventRounds "17"]
[EventCountry "YUG"]
[EventCategory "11"]
[SourceTitle "CBM 003"]
[Source "ChessBase"]
[SourceDate "1988.04.01"]
[SourceVersion "1"]
[SourceVersionDate "1988.04.01"]
[SourceQuality "1"]

1. e4 c5 2. Nf3 d6 3. d4 cxd4 4. Nxd4 Nf6 5. Nc3 Nc6 6. Bg5 e6 7. Qd2 Be7 8.
O-O-O O-O 9. Nb3 a6 10. Bxf6 gxf6 11. f4 Kh8 12. f5 b5 13. g3 $5 (13. Ne2 exf5
14. exf5 Ne5 15. Nf4 Rg8 16. g3 Bxf5 17. Nd4 Be4 18. Bg2 f5 $13 {Short-Popovic
Subotica izt 1987}) 13... b4 (13... exf5 14. exf5 Bxf5 15. Bg2 $16) (13... Rg8
14. Ne2 $1 exf5 15. Bg2 $1 $16) 14. Ne2 e5 15. g4 $5 {/\Ng3,Bc4,Nf1-e3-d5} a5
16. Kb1 a4 17. Nbc1 Rg8 18. h3 Qc7 $2 (18... Bb7 $142 19. Ng3 Rc8 (19... Nd4 $5
$13) (19... d5 $142 $1 20. exd5 (20. Qxd5 Qb6 $13) 20... Nd4 $13) 20. Bd3 Nd4
21. Nce2 $14) 19. c3 $6 (19. Ng3 Nd4 20. Bd3 $16) 19... b3 $1 (19... Rb8 20.
Nd3 $1 b3 21. a3 $16 {/\Nb4}) 20. a3 (20. axb3 Na5 $1 $132) 20... Na5 21. Ng3
Bb7 22. Qh6 Qd8 $6 23. Nd3 Rg5 $6 24. Nb4 Bf8 25. Qh4 Qb6 26. Bd3 Rc8 27. Nh5
$16 d5 $5 28. exd5 Bc5 (28... Nc4 29. Nc6 $1) 29. Qe1 {/\30.Qe2,Ng3-e4} Bxb4
30. axb4 Nc4 31. Bxc4 $1 Rxc4 32. Rh2 Rg8 33. d6 $1 Be4+ (33... Rd8 34. Qd2 {
/\Qh6}) 34. Ka1 a3 35. Qh4 1-0

[Event "ANU op"]
[Site "Canberra"]
[Date "1995.??.??"]
[Round "?"]
[White "Solomon, Stephen J"]
[Black "Rogers, Ian"]
[Result "0-1"]
[WhiteElo "2400"]
[BlackElo "2570"]
[Annotator "Rogers,I"]
[PlyCount "68"]
[EventDate "1995.??.??"]
[EventType "swiss"]
[EventRounds "9"]
[EventCountry "AUS"]
[SourceTitle "EXT 2000"]
[Source "ChessBase"]
[SourceDate "1999.11.16"]
[SourceVersion "1"]
[SourceVersionDate "1999.11.16"]
[SourceQuality "1"]

1. e4 c5 2. Nf3 Nc6 3. d4 cxd4 4. Nxd4 Nf6 5. Nc3 d6 6. Bg5 e6 7. Qd2 Be7 8.
O-O-O O-O 9. Nb3 $5 a6 10. Bxf6 gxf6 11. Qh6 Kh8 12. Qh5 $5 {For the fourth
time in a year these two players have entered one of the sharp main lines of
the Rauzer variation of the Sicilian Defence. Solomon's 12th move is intended
to delay Black's plan of ...Rg8-g6 but Black decides to go ahead and play it
anyway, hoping to seriously embarrass the White queen should White accept the
pawn sacrifice.} Rg8 $5 13. Qxf7 {If White does not take the pawn his queen
manouevre would be shown to be pointless.} Rg6 14. f4 {Forced, to avoid 14...
Ne5, winning the queen.} Bf8 $1 15. Kb1 $2 ({Solomon avoids the threat of 15...
Bh6 16.g3 Ne5 but misses a chance to free his queen with} 15. Nc5 $1 Bh6 16.
Nxe6 Bxe6 17. Qxe6 Bxf4+ 18. Kb1 Be5 {with chances for both sides.}) 15... b5
$1 {Now 16...Ra7 is coming.} 16. Nd4 Nxd4 17. Rxd4 b4 $1 18. Ne2 ({If} 18. Rxb4
$6 d5 19. Rd4 $2 Bc5 {and 20...Ra7 wins.}) 18... Rb8 $1 19. Qa7 $2 ({Since
this does not save the queen, Solomon had to try} 19. f5 Rb7 20. fxg6 Rxf7 21.
gxf7 {although Black retains some advantage.}) 19... Rb6 $1 20. Rc4 Bb7 21. f5
Rg7 22. Nf4 d5 23. exd5 ({After} 23. Nxe6 Rxe6 24. fxe6 dxc4 {Black is a piece
ahead.}) 23... exd5 24. Rd4 Ba8 {Now the queen is lost and the rest is simple
technique.} 25. Qxg7+ Bxg7 26. Bc4 Rd6 27. Rhd1 Qe7 28. Ne6 Rxe6 29. fxe6 f5
30. Rxd5 Bxd5 31. Rxd5 Qh4 32. a3 bxa3 33. Rd7 Bf6 34. Bd3 Qb4 0-1

[Event "Alcobendas m"]
[Site "Alcobendas"]
[Date "1993.??.??"]
[Round "1"]
[White "Illescas Cordoba, Miguel"]
[Black "Kramnik, Vladimir"]
[Result "0-1"]
[WhiteElo "2625"]
[BlackElo "2710"]
[Annotator "Romero Holmes"]
[PlyCount "116"]
[EventDate "1993.11.??"]
[EventType "match"]
[EventRounds "6"]
[EventCountry "ESP"]
[SourceTitle "CBM 039"]
[Source "ChessBase"]
[SourceDate "1994.04.01"]
[SourceVersion "1"]
[SourceVersionDate "1994.04.01"]
[SourceQuality "1"]

1. e4 c5 2. Nf3 Nc6 3. d4 cxd4 4. Nxd4 Nf6 5. Nc3 d6 6. Bg5 e6 7. Qd2 Be7 8.
O-O-O O-O 9. Nb3 Qb6 10. f3 Rd8 11. Be3 Qc7 12. Qf2 d5 (12... Nd7 13. Nb5 Qb8
14. g4 a6 15. N5d4 Qc7 16. h4 Nxd4 17. Nxd4 Nc5 18. g5 d5 19. exd5 Rxd5 20. Bc4
$14 {Gipslis,A-Tukmakov,V/URS/1975/}) 13. exd5 Nxd5 14. Nxd5 Rxd5 15. Rxd5 exd5
16. g4 (16. Bb5 $5) 16... Bf6 (16... Be6 17. Nd4 Rc8 18. Kb1 Bf6 19. c3 $13 (
19. Nxe6 $6 fxe6 20. g5 $2 Bxb2 21. Kxb2 Nb4 $40 {Jimenez-Pomar/Havana olm/
1966/})) 17. Kb1 Be6 18. g5 (18. c3) (18. Bd3 Nb4 19. Bd4 Nxd3 20. cxd3 $14 {
Rogers,I-Kotronias,V/Manila/1992/}) 18... Be5 19. f4 d4 $1 20. Bc1 (20. fxe5
dxe3 21. Qxe3 Nxe5 $36) (20. Nxd4 Nxd4 21. Bxd4 Bxf4 $15) 20... Bd5 21. Rg1 Bd6
22. Bg2 (22. Nxd4 Nxd4 (22... Bc5 23. c3 Qa5 $40) 23. Qxd4 Bc5 24. Qxd5 Bxg1
$17) 22... Bxg2 23. Rxg2 Qd7 $1 24. Qe2 (24. Nxd4 Bc5) 24... Bf8 25. Qd3 Rd8
26. a3 Qd5 27. Re2 b5 28. Bd2 a6 29. Re1 g6 30. h4 $6 h5 $1 {xh4} 31. Re4 Kh7
32. Qe2 $6 (32. Nc1 $1) 32... Bg7 33. Na5 $2 (33. Nc1 $1) 33... d3 $1 34. cxd3
(34. Qxd3 Qxd3 (34... Qf5 35. Qe3 Rxd2 36. Nxc6 Rh2 $17) 35. cxd3 Rxd3 $17)
34... Nd4 $1 (34... Qxd3+) 35. Qf1 Nf5 36. Be1 Qxd3+ 37. Qxd3 Rxd3 38. Nc6 Ne3
(38... Rh3) 39. Ka2 Ng2 40. Ne5 Nxe1 41. Rxe1 (41. Nxd3 Nxd3 $19) 41... Rd2 (
41... Bxe5 $5 42. fxe5 Rh3 43. e6 fxe6 44. Rxe6 Rxh4 45. Rxa6 Rg4 46. Ra5 Rxg5
47. a4 h4 48. Rxb5 h3 $19) 42. a4 bxa4 43. Re4 Rh2 44. Nxf7 (44. Rxa4 Rxh4 45.
Rxa6 (45. Nxf7 Rh2 46. Ne5 h4 $17) 45... Rxf4 $19) 44... Bxb2 45. Rxa4 Bg7+ 46.
Kb3 Rxh4 $19 47. Kc2 Rg4 48. Kd3 h4 49. Ke4 h3 50. Ra2 Kg8 51. Ne5 Rg2 52. Ra3
Re2+ 53. Kd5 h2 54. Rh3 Bxe5 55. fxe5 a5 56. e6 a4 57. Kd6 a3 58. Rb3 h1=Q 0-1

[Event "San Martin"]
[Site "San Martin"]
[Date "1994.??.??"]
[Round "4"]
[White "Sanchez Almeyra, Jorge"]
[Black "Zarnicki, Pablo Adrian"]
[Result "1/2-1/2"]
[WhiteElo "2435"]
[BlackElo "2435"]
[Annotator "Schlosser,P"]
[PlyCount "99"]
[EventDate "1994.04.??"]
[EventType "tourn"]
[EventRounds "11"]
[EventCountry "ARG"]
[EventCategory "9"]
[SourceTitle "CBM 042"]
[Source "ChessBase"]
[SourceDate "1994.10.01"]
[SourceVersion "1"]
[SourceVersionDate "1994.10.01"]
[SourceQuality "1"]

1. e4 {Hecht} c5 2. Nf3 d6 3. d4 cxd4 4. Nxd4 Nf6 5. Nc3 Nc6 6. Bg5 e6 7. Qd2
Be7 8. O-O-O O-O 9. Nb3 Qb6 10. f3 Rd8 11. Be3 (11. Kb1 Qc7 12. Bxf6 $5 {
Benjamin,J-Anand,V/Groningen PCA (06)/1993/ CBM39}) 11... Qc7 12. Qf2 d5 13.
exd5 Nxd5 14. Nxd5 Rxd5 15. Rxd5 exd5 16. g4 {16.g3, 16.a3, 16.Kb1, 16.Bb5} Be6
17. Kb1 Bf6 18. Nd4 (18. Bd3 Nb4 {Rogers,I-Kotronias,V/Crete/1991/} (18... d4
$5 {analog der Partie /Peters,J-Wolff,P/Los Angeles/1993/ ist zu prüfen - dort
wurden vorher die Züge 18.g5 Be5 eingeschaltet.}) 19. Rd1 $14 {! Rogers,I}) (
18. g5 Be5 19. f4 d4 $15 {Illescas Cordoba,M-Kramnik,V/Alcobendas (m/1)/1994/
CBM39}) 18... Nxd4 19. Bxd4 Qf4 {! =/+ Wolff,P} 20. Bxf6 Qxf6 21. Rg1 d4 (21...
h5 $5 22. gxh5 $140 Bf5 23. Bd3 Bxd3 24. cxd3 Re8 $44) 22. Bd3 Bd5 23. f4 Re8
$10 24. Re1 Rxe1+ 25. Qxe1 Kf8 26. Qb4+ Qe7 27. a3 Qxb4 28. axb4 h6 29. Kc1 g5
30. fxg5 hxg5 31. Kd2 Ke7 32. c3 dxc3+ 33. Kxc3 Kd6 34. Kd4 Bf3 35. Bf5 f6 36.
Ke3 Bd5 37. Kd4 Be6 38. Bxe6 Kxe6 39. Ke4 Kd6 (39... a6 $5 {Hecht} 40. Kd4 b6
41. Ke4 b5 42. b3 (42. Kd4 f5 43. gxf5+ Kxf5 44. Kc5 Kg4 45. Kb6 Kh3 46. Kxa6
Kxh2 47. Kxb5 g4 $19) 42... Kd6 43. Kf5 Ke7 44. Kg6 Ke6 45. h3 Ke5 46. Kg7 f5
47. gxf5 Kxf5 48. Kf7 g4 49. hxg4+ Kxg4 50. Ke6 Kf4 51. Kd5 Ke3 52. Kc5 Kd3 53.
Kb6 Kc3 54. Kxa6 Kxb4 55. Kb6 $10) 40. Kf5 Ke7 41. b5 Kf7 42. b3 Ke7 43. Kg6
Ke6 44. Kg7 Ke7 45. Kg6 Ke6 46. Kg7 f5 47. gxf5+ Kxf5 48. Kf7 Kg4 49. Kg6 Kh4
50. Kf5 1/2-1/2

[Event "Baku op"]
[Site "Baku"]
[Date "2014.09.27"]
[Round "6"]
[White "Inarkiev, Ernesto"]
[Black "Baryshpolets, Andrey"]
[Result "1-0"]
[WhiteElo "2672"]
[BlackElo "2540"]
[Annotator "Schulz,Andre"]
[PlyCount "59"]
[EventDate "2014.09.22"]
[EventType "swiss"]
[EventRounds "9"]
[EventCountry "AZE"]
[SourceTitle "CBM 162 Extra"]
[Source "ChessBase"]
[SourceDate "2014.10.17"]
[SourceVersion "1"]
[SourceVersionDate "2014.10.17"]
[SourceQuality "1"]

1. e4 c5 2. Nf3 d6 3. d4 cxd4 4. Nxd4 Nf6 5. Nc3 Nc6 6. Bg5 e6 7. Qd2 a6 ({
Eine andere beliebte Variante des Klassischen Sizilianers entseht nach} 7...
Be7 8. O-O-O O-O 9. f4 Nxd4 10. Qxd4 Qa5 11. Bc4 Bd7 12. e5 dxe5 13. fxe5 Bc6
14. Bd2 Nd7 15. Nd5 Qd8 16. Nxe7+ Qxe7 {zum Beispiel:} 17. Rhe1 Nb6 18. Bf1
Rfd8 19. Qf4 Rac8 20. Kb1 Ba4 21. b3 Qc5 22. c4 Rd4 23. Be3 Rxf4 24. Bxc5 Bc6
25. Kb2 h5 26. g3 Rg4 27. Be3 Bf3 28. Rd4 Rxd4 29. Bxd4 g5 30. a4 Rd8 31. Kc3
Nc8 32. b4 a6 33. Bc5 g4 34. b5 axb5 35. axb5 Kg7 36. Bd3 f5 37. exf6+ Kxf6 38.
Bd4+ Kf7 39. h4 {1-0 (39) Karjakin,S (2767)-Wang,H (2743) Stavanger 2013}) 8.
O-O-O Nxd4 ({Gespielt wird auch} 8... Bd7 9. f4 b5 10. Bxf6 gxf6) 9. Qxd4 Be7
10. h4 b5 11. f3 O-O 12. Kb1 Bb7 13. Qd2 Rc8 14. Ne2 Qc7 15. Nd4 Rfd8 16. Bd3
b4 17. h5 ({Bisher kam hier} 17. g4) ({und} 17. Qe1 {vor.}) 17... d5 18. e5 Ne4
({Nicht} 18... Qxe5 {mit Damenfang nach} 19. Bf4) 19. fxe4 dxe4 ({Aber nicht} 
19... Bxg5 $2 20. Qxg5 dxe4 {wegen} 21. Nf5 $1 {und nun scheitert} exf5 {an}
22. h6 Qxe5 (22... g6 23. Qf6 {nebst Matt.}) 23. Bxe4 Rxd1+ 24. Rxd1 Bxe4 {
mit der Pointe} 25. Rd8+ Rxd8 26. Qxd8+ $18) 20. Bxe7 Rxd4 21. Bd6 ({Nach} 21.
Bxb4 exd3 22. cxd3 Be4 23. Rh3 Rxb4 24. dxe4 (24. Qxb4 $2 Qc2+ 25. Ka1 Qxd1#)
24... Rcb8 {sind die weißen Bauern im Zentrum schwach, Schwarz steht etwas
besser.}) 21... Qb6 22. h6 exd3 23. cxd3 Rg4 24. Rc1 Qd8 $6 {Zu sorglos
gespielt.} ({Nach} 24... Rxc1+ 25. Rxc1 f5 {steht das Spiel gleich.}) ({
Witzig ist auch} 24... Rc3 {ebenfalls mit Ausgleich.} 25. Rxc3 bxc3 26. Qxc3
gxh6) 25. Rxc8 Qxc8 $2 {Danch wird der schwarze weißfeldrige Läufer zum
Sorgenkind.} ({Besser} 25... Bxc8) 26. Rc1 Qe8 27. Rc7 Qb5 ({Auf} 27... Bc8 {
folgt} 28. Qc1 Bd7 29. Rb7 Bb5 30. Rb8 $18) 28. Ka1 $2 ({Nach} 28. Qf2 {wäre}
Qxd3+ {unangenehm. Deswegen hat Weiß das Schach aus der Stellung genommen,
wirft damit aber seinen Vorteil weg.}) 28... gxh6 $2 {Verliert forciert.} ({
Falsch wäre auch} 28... Rxg2 $2 29. Qxg2 Bxg2 30. Rc8+ $18) ({Richtig war} 
28... Qb6 {Droht Dg1 und Txg2.} 29. Qc1 f5 30. exf6 (30. hxg7 f4) 30... gxf6
31. Bf4 Bd5 {mit unklarer Position.}) 29. Qf2 Rg7 30. Qf6 1-0

[Event "Rishon Le Ziyyon"]
[Site "Rishon Le Ziyyon"]
[Date "1996.??.??"]
[Round "4"]
[White "Kotronias, Vasilios"]
[Black "Shmuter, Leonid"]
[Result "1-0"]
[WhiteElo "2610"]
[BlackElo "2490"]
[Annotator "Shmuter,L"]
[PlyCount "81"]
[EventDate "1996.02.??"]
[EventType "tourn"]
[EventRounds "9"]
[EventCountry "ISR"]
[EventCategory "13"]
[SourceTitle "CBM 053"]
[Source "ChessBase"]
[SourceDate "1996.08.01"]
[SourceVersion "1"]
[SourceVersionDate "1996.08.01"]
[SourceQuality "1"]

1. e4 c5 2. Nf3 d6 3. d4 cxd4 4. Nxd4 Nf6 5. Nc3 Nc6 6. Bg5 Qb6 7. Nb3 e6 8.
Qd2 Be7 9. O-O-O O-O 10. f3 Rd8 11. Be3 Qc7 12. Qf2 d5 13. exd5 Nxd5 14. Nxd5
Rxd5 15. Rxd5 exd5 16. g4 Bf6 17. Kb1 Bd7 $5 18. Bd3 Qe5 $6 (18... Re8 $32 19.
g5 (19. Bc1 a5 $132) 19... Qe5 20. gxf6 (20. Bc1 $2 Bxg5 21. f4 Qf6 $19) 20...
Qxe3 21. Qh4 g6 22. f4 Qh3 $15) 19. Bc1 Re8 20. f4 Qd6 21. g5 Bd8 22. a3 Bb6
23. Qf3 Ne7 $2 (23... a5 $1 $132) 24. f5 f6 25. h4 $2 (25. Bf4 $1 Qc6 26. Re1
$16) 25... Nc6 26. Bf4 Ne5 27. Qg2 Kh8 28. Re1 Qb8 $2 (28... Qc6 $14) 29. Qg3
Re7 30. h5 Qf8 31. gxf6 gxf6 32. Rxe5 $1 $18 Rg7 33. Qf3 Rg1+ 34. Ka2 fxe5 35.
Bxe5+ Kg8 36. Qxd5+ Qf7 37. Qxb7 Re1 38. Qa8+ Be8 39. Qg2+ Kf8 40. Bd6+ Re7 41.
Qg5 1-0

[Event "RUS-ch"]
[Site "Elista"]
[Date "1994.??.??"]
[Round "5"]
[White "Svidler, Peter"]
[Black "Shipov, Sergei"]
[Result "1-0"]
[WhiteElo "2550"]
[BlackElo "2520"]
[Annotator "Svidler,P"]
[PlyCount "85"]
[EventDate "1994.09.??"]
[EventType "swiss"]
[EventRounds "11"]
[EventCountry "RUS"]
[SourceTitle "CBM 044"]
[Source "ChessBase"]
[SourceDate "1995.02.01"]
[SourceVersion "1"]
[SourceVersionDate "1995.02.01"]
[SourceQuality "1"]

1. e4 c5 2. Nf3 d6 3. d4 cxd4 4. Nxd4 Nf6 5. Nc3 Nc6 6. Bg5 e6 7. Qd2 h6 8.
Bxf6 gxf6 9. O-O-O a6 10. f4 Bd7 11. Bc4 (11. Nxc6 bxc6 $132 (11... Bxc6 12.
Bc4 $16 {/\ f5})) (11. Nf3 Qb6 $13) 11... Qb6 12. Nf3 Qc5 (12... Na5 13. Bd3
$132) 13. Bb3 O-O-O 14. Kb1 Kb8 15. f5 Na5 16. Nd4 Nxb3 17. cxb3 (17. Nxb3 Qe5
$13) (17. axb3 h5 $13) 17... h5 (17... exf5 18. Qf2 $1 $16) 18. Rhf1 Be7 19.
Rc1 Qb6 (19... Qe5 $2 20. b4 $1 {/\ 21.Nf3+-} Qxh2 21. b5 $1 $40) 20. Rf3 (20.
Na4 Bxa4 21. bxa4 d5 $1 $17) 20... h4 $2 (20... Rc8 $13) 21. fxe6 fxe6 22. Na4
$1 Qa7 (22... Bxa4 23. bxa4 Rc8 (23... d5 $2 24. Rb3 $18) 24. Nxe6 Rxc1+ 25.
Qxc1 $16) 23. Qb4 a5 (23... b5 24. Rc6 $1 e5 25. Rb6+ Ka8 26. Qa5 $18) (23...
d5 $1 24. Qxe7 Qxd4 25. Qd6+ (25. Nc5 dxe4 26. Rxf6 Rhe8 $13) 25... Ka7 26. Nc5
Bc6 27. Qf4 Rhe8 $132 (27... dxe4 28. Nxe6 Qe5 29. Qe3+ Ka8 30. Nxd8 exf3 31.
Qxe5 fxe5 32. Nxc6 bxc6 33. gxf3 $16)) 24. Qb6 $1 Bxa4 $8 (24... Rc8 25. Rfc3
Rxc3 26. Rxc3 Bxa4 27. Qxa7+ (27. Qc7+ Ka8 28. Rc4 Bc6 $1 $8 29. Qxe7 Bxe4+ $13
) 27... Kxa7 28. bxa4 d5 29. exd5 exd5 30. Nf5 $16) 25. Qxa7+ Kxa7 26. bxa4 $14
d5 $8 27. exd5 (27. Nxe6 dxe4 $132) 27... Rxd5 (27... exd5 28. Rc7 Bd6 29. Rf7
$16) 28. Nxe6 Rg8 29. Rf2 Bd6 $2 $138 (29... Kb8 $1 $44) 30. Nc7 $1 $16 Bxc7
31. Rxc7 Rd1+ 32. Rc1 Rd4 33. b3 Rdg4 34. Rcc2 R8g5 35. Kc1 f5 36. Kd1 Ka6 37.
Ke1 Re4+ 38. Rce2 b5 $2 $138 39. axb5+ Kb6 (39... Kxb5 40. Rxf5+ $18) 40. a4
$18 Rgg4 41. Rxe4 Rxe4+ 42. Kd2 f4 43. Rf3 1-0

[Event "Beersheba-Peterburg Kings m"]
[Site "St Petersburg"]
[Date "1999.06.09"]
[Round "5"]
[White "Tseitlin, Mark D"]
[Black "Aseev, Konstantin N"]
[Result "1/2-1/2"]
[WhiteElo "2490"]
[BlackElo "2519"]
[Annotator "Tsesarsky,I"]
[PlyCount "64"]
[EventDate "1999.06.??"]
[EventType "schev"]
[EventRounds "10"]
[EventCountry "RUS"]
[SourceTitle "CBM 072"]
[Source "ChessBase"]
[SourceDate "1999.10.01"]
[SourceVersion "1"]
[SourceVersionDate "1999.10.01"]
[SourceQuality "1"]

1. e4 c5 2. Nf3 d6 3. d4 cxd4 4. Nxd4 Nf6 5. Nc3 Nc6 6. Bg5 e6 7. Qd2 Qb6 8.
Nb3 Be7 9. O-O-O O-O 10. f3 Rd8 11. h4 (11. Be3 Qc7 12. Qf2 d5 $11) 11... d5 (
11... Rd7 12. g4 Qd8 13. Bd3 d5 14. Bxf6 Bxf6 15. exd5 Bxc3 16. Qxc3 exd5 17.
Bb5 (17. Rhe1 Re7 18. Bb5 Rxe1 19. Rxe1 Bd7 20. g5 Rc8 21. Bxc6 Bxc6 22. Nd4
$14) 17... Rd6 18. Bxc6 bxc6 19. Qd4 Ba6 20. Rhe1 (20. Nc5 $6 Be2 21. Rde1 Bxf3
22. Rhf1 Rf6 $44 {1-0 Arzumanian-Akopov/cr URS cup 1990 (36)}) 20... Qxh4 21.
Nc5 $16) (11... a5 12. Be3 Qc7 13. Nd4) 12. exd5 (12. Bxf6 $2 Bxf6 $2 (12...
dxe4 $1 13. Qe1 Rxd1+ 14. Qxd1 Bxf6 15. Nxe4 Be7 (15... Be5 $15) 16. Kb1 Bd7
17. Bd3 Rd8 18. f4 Nb4 19. Ng5 h6 20. Qh5 Be8 21. Bh7+ Kf8 22. Nh3 Qc6 $19 {
0-1 Arakhamia,K-Kotronias,V/GRE-chT Athens ,EXP 1996 (34)}) 13. exd5 Bxc3 14.
Qxc3 exd5 15. Qc5 Qc7 16. Bb5 $11 {1-0 Milov-Baikov,V/Roslavl 1989 (40)}) 12...
Nxd5 (12... Nb4 13. Be3 Qc7 14. Nb5) 13. Nxd5 $2 $15 (13. Bxe7 Ncxe7 (13...
Ndxe7 14. Bd3 e5 15. h5 Bf5 16. h6 Bxd3 17. cxd3 Nb4 18. Qg5 Ng6 19. hxg7 Nxd3+
20. Kb1 Nf2 21. Rxd8+ (21. Rdf1 Nxh1 22. Rxh1 Nf4 23. Ne4 Qg6 $17 {0-1 Klovan,
Y-Aseev,K/Frunze 1988 (25)}) 21... Rxd8 22. Rf1 f6 23. Qf5 $15 {0-1 Sax,G-Tal,
M/Bruxelles 1988/ Hazai,L) (42)}) 14. Bc4 Bd7 15. Nxd5 Nxd5 16. Bxd5 Bc6 17. c4
Qc7 18. Kb1 exd5 19. c5 Ba4 20. Qd4 Bxb3 21. axb3 $11 {1/2-1/2 Lau,R-Piket,J/
Dordrecht(1) 1988 (35)}) 13... Rxd5 14. Bd3 Nb4 $1 (14... a5 15. Bxe7 Nxe7 16.
c4 Rd7 17. Qg5 h6 18. Qc5 Qxc5 19. Nxc5 Rc7 $11 {de la Villa Garcia,J-Gallego,
F/Espana (ch) 1985/Inf 40 (24)}) 15. Qe2 (15. Bxe7 Nxd3+ 16. Qxd3 Rxd3 17. Rxd3
h5 18. Rhd1 e5 $17 {0-1 Canfell,G-Piket,J/WchJM-U20 Adelaide 1988 (30)}) 15...
f6 16. Be3 Nxd3+ 17. Rxd3 Qa6 18. Rhd1 Bd7 (18... Rxd3 $6 19. Qxd3 Qxa2 $4 20.
Qb5 $18) 19. Qf2 $2 $17 {White have not equalized...} (19. Qd2 $142 Bc6 20. a3
Rad8 21. Nd4 Be8 (21... e5 22. Nxc6 bxc6 23. Qc3 $11) 22. Qc3 Rc5 23. Qe1 Bg6
24. R3d2 Rcd5 $15) 19... Rxd3 (19... Qxa2 20. Rxd5 exd5 21. Bc5 (21. Rxd5 Ba4
22. Ra5 Rc8 $19) 21... Bxc5 22. Qxc5 Bc6 $17) 20. Rxd3 Bb5 21. Rd1 (21. Rc3 Bb4
22. Rc7 Bd6 23. Rc3 Qxa2 $17) 21... Qxa2 22. Bc5 Bf8 (22... Bxc5 23. Qxc5 Bc6
$17 (23... Ba4 24. Qe7 e5 25. Rd8+ Rxd8 26. Qxd8+ Kf7 27. h5 $44)) 23. Bxf8
Rxf8 24. Qc5 Ba4 $2 $11 (24... Bc6 $17) {[%tqu "En","?","","","c5e7","",10]}
25. Qe7 $1 Re8 (25... e5 26. Rd8 Rxd8 27. Qxd8+ Kf7 28. h5 $44) (25... Bxb3 {
Behind the staff there was a variant:} 26. Rd7 Qa1+ 27. Kd2 Qa5+ 28. c3 Qd5+
29. Rxd5 Bxd5 $14) 26. Rd8 $1 Rxd8 27. Qxd8+ Kf7 28. Qc7+ Kg6 29. Nc5 $5 (29.
Qg3+ Kf7 (29... Kh6 30. Qf4+ $11) 30. Qc7+ Kf8 31. Qd6+ $11) 29... Qa1+ (29...
h5 30. b3 Qa1+ 31. Kd2 Qd4+ 32. Kc1 Qe3+ 33. Kb2 Bc6 34. Nxb7 Qd4+ 35. Ka2 Bxb7
36. Qxb7 $11) 30. Kd2 Qxb2 31. Qg3+ Kf7 32. Qc7+ Kg6 1/2-1/2